Welcome to CU Library Online Public Access Catalogue (OPAC)

Political corruption; (Record no. 2593)

MARC details
000 -LEADER
fixed length control field 00382nam a22001337a 4500
005 - DATE AND TIME OF LATEST TRANSACTION
control field 20250116165934.0
008 - FIXED-LENGTH DATA ELEMENTS--GENERAL INFORMATION
fixed length control field 250116b |||||||| |||| 00| 0 eng d
050 ## - LIBRARY OF CONGRESS CALL NUMBER
Classification number JQ3029
Item number .GYE
100 ## - MAIN ENTRY--PERSONAL NAME
Personal name Gyekye, kwame
245 ## - TITLE STATEMENT
Title Political corruption;
Remainder of title a philosophical analysis of a moral problem
260 ## - PUBLICATION, DISTRIBUTION, ETC.
Place of publication, distribution, etc. Accra
Name of publisher, distributor, etc. Sankofa Publishing Co, Ltd
Date of publication, distribution, etc. c1997
300 ## - PHYSICAL DESCRIPTION
Extent 50p
942 ## - ADDED ENTRY ELEMENTS (KOHA)
Source of classification or shelving scheme Library of Congress Classification
Koha item type Books
Suppress in OPAC No
999 ## -
-- 2593
-- 2593
Holdings
Withdrawn status Lost status Source of classification or shelving scheme Damaged status Not for loan Collection Home library Current library Shelving location Date acquired Total checkouts Full call number Barcode Date last seen Copy number Price effective from Koha item type
    Library of Congress Classification     Non-fiction Undergraduate Library (Christ Temple) Undergraduate Library (Christ Temple) General stacks 01/16/2025   JQ3029 GYE ulct00000819 01/16/2025 1 01/16/2025 Books
    Library of Congress Classification     Non-fiction Undergraduate Library (Christ Temple) Undergraduate Library (Christ Temple) General stacks 09/11/2025   JQ3029.5C6 GYE ulct00004721 09/11/2025 1 09/11/2025 Books
© 2023-2024 Copyright: Central University Libraries. All Rights Reserved | Created by: Mahone Tech Office